Caídos del mapa xi /

Guardado en:
Autor Principal: Falconi, María Inés
Formato: Libro
Publicado: Buenos Aires : Quipu, 2014
Series:Caídos del mapa
Materias:
Etiquetas: Agregar Etiqueta
Sin Etiquetas, Sea el primero en etiquetar este registro!
LEADER 00623nam a22002175a 4500
001 CEM.cems014631
005 20150901165506.0
008 130507s2014##################000#0#####d
003 CEMS
020 |a 9789875040991 
082 0 4 |a A863.4 
100 1 |a Falconi, María Inés 
245 1 0 |a Caídos del mapa xi /  |c María Inés Falconi 
260 |a Buenos Aires :  |b Quipu,  |c 2014 
300 |a 240 p. 
490 0 |a Caídos del mapa 
653 |a Literatura 
653 |a Literatura juvenil 
653 |a Literatura argentina 
653 |a Novelas juveniles 
859 |a CEMS  |b BIB. CEMS - 11 de abril  |h A863.4  |i F181-1  |p 27200.15  |t Ej.1  |v 11  |3 11